000 00298pam a2200133 a 4500
020 _c
041 _h
082 _a751.45
_bALE
100 _aAlexander W.
245 _aThe magic of Oil Painting
_hTextual Documents
250 _a1998.
260 _apune:
_bWalter Foster Publisher.
930 _a23
999 _c233813
_d233813